Geboren in Straubing - Statistiken

Allgemein
  • Dieses Quiz wurde 32 mal gespielt
    7 seit der letzten Aktualisierung
  • Das Durchschnittsergebnis liegt bei 4 aus 7
Antwortstatistiken
Hinweis Antwort % Korrekt
Fußballtrainer (FC Augsburg, Schalke, VfB Stuttgart, Nürnberg und Jahn Regensburg) 1974 Markus Weinzierl
86%
Schlagersänger, "Fiesta Mexicana" 1936 Rex Gildo
71%
CSU-Politiker und Bundeslandwirtschaftsminister seit 2025 1965 Alois Rainer
57%
Sängerin und Siegerin der zweiten Staffel der Sendung "Deutschland sucht den Superstar", "This Is My Life" "In My Dream" 1979 Elli Erl
57%
Präsidentin des Deutschen Roten Kreuzes seit 2017, Bundestagsvizepräsidentin von 2011 bis 2017 und Bundesgesundheitsministerin von 1991 bis 1992 1950 Gerda Hasselfeldt
43%
Optiker, Physiker und Begründer des wissenschaftlichen Fernrohrbau, er ist der Namensgeber einer bedeutsamen Forschungsgesellschaft 1787 Joseph von Fraunhofer
43%
Begründer der frühmittelalterlichen Archäologie 1895 Hans Zeiss
29%
Keine übereinstimmenden Quizze gefunden
Verteilung der Resultate
Anzahl Personen mit jedem Resultat
Perzentil nach korrekt beantworteten Fragen
Ihre Resultats-Entwicklung
Sie haben dieses Quiz seit der letzten Aktualisierung nicht gespielt